| 000 | 00597nam a22002055i 4500 | ||
|---|---|---|---|
| 001 | 54386 | ||
| 003 | ES-MaACL | ||
| 005 | 20230906162938.0 | ||
| 007 | t| | ||
| 008 | 960718s1896 xxua ||||1| eng d | ||
| 040 |
_aCAM _bspa _cCAM |
||
| 080 | _a929 Washington, George | ||
| 100 | 1 |
_aFord, Paul Leicester. _951710 |
|
| 245 | 1 | 4 |
_aThe true George Washington / _cby Paul Leicester Ford. |
| 250 | _a17th. ed. | ||
| 260 |
_aPhiladelphia : _bJ.B. Lippincott, _c[1896] |
||
| 300 |
_a319 p. : _bil. ; _c20 cm. |
||
| 600 | 1 | 4 |
_aWashington, George- _xBiografĂas. _9116147 |
| 852 |
_aES-MaACL _jE-13148 |
||
| 999 |
_c54386 _d54386 |
||